An Economic Survey of Durrana Langana: (Record no. 21698)
[ view plain ]
| 000 -LEADER | |
|---|---|
| fixed length control field | 00742cam a2200217 a 4500 |
| 003 - CONTROL NUMBER IDENTIFIER | |
| control field | BD-DhIDS |
| 005 - DATE AND TIME OF LATEST TRANSACTION | |
| control field | 20260615124911.0 |
| 008 - FIXED-LENGTH DATA ELEMENTS--GENERAL INFORMATION | |
| fixed length control field | 180316b1950 enk||||| |||| 00| 0 eng d |
| 040 ## - CATALOGING SOURCE | |
| Original cataloging agency | BD-DhIDS |
| Transcribing agency | BD-DhIDS |
| Modifying agency | BD-DhIDS |
| 041 ## - LANGUAGE CODE | |
| Language code of text/sound track or separate title | Eng |
| 082 ## - DEWEY DECIMAL CLASSIFICATION NUMBER | |
| Classification number | 301.353 |
| Item number | In ECO |
| 110 2# - MAIN ENTRY--CORPORATE NAME | |
| Corporate name or jurisdiction name as entry element | Board of Economic Inquiry Punjab |
| 245 03 - TITLE STATEMENT | |
| Title | An Economic Survey of Durrana Langana: |
| Remainder of title | a village in the Multan District of the Punjab . |
| 260 ## - PUBLICATION, DISTRIBUTION, ETC. | |
| Place of publication, distribution, etc. | London: |
| Name of publisher, distributor, etc. | Macmillan, |
| Date of publication, distribution, etc. | 1950 |
| 300 ## - PHYSICAL DESCRIPTION | |
| Extent | xx, 398p.; |
| Dimensions | 15 cm. |
| 490 ## - SERIES STATEMENT | |
| Series statement | Punjab village surveys |
| 504 ## - BIBLIOGRAPHY, ETC. NOTE | |
| Bibliography, etc. note | Includes bibliographical references and index. |
| 650 04 - SUBJECT ADDED ENTRY--TOPICAL TERM | |
| Topical term or geographic name entry element | Rural community development |
| General subdivision | Rural councils or panchayats |
| Geographic subdivision | Punjab |
| 650 04 - SUBJECT ADDED ENTRY--TOPICAL TERM | |
| Topical term or geographic name entry element | Economic survey |
| Chronological subdivision | 1938 |
| Geographic subdivision | Punjab |
| 942 ## - ADDED ENTRY ELEMENTS (KOHA) | |
| Source of classification or shelving scheme | |
| Koha item type | Books |
| Withdrawn status | Lost status | Source of classification or shelving scheme | Damaged status | Not for loan | Collection code | Permanent Location | Current Location | Shelving location | Date acquired | Full call number | Barcode | Date last seen | Copy number | Price effective from | Koha item type |
|---|---|---|---|---|---|---|---|---|---|---|---|---|---|---|---|
| Non-fiction | BIDS Library and Documentation Center | BIDS Library and Documentation Center | General Stacks | 2018-05-09 | 301.353 In ECO | 002051 | 2017-05-09 | C-01 | 2017-05-09 | Books | |||||
| Non-fiction | BIDS Library and Documentation Center | BIDS Library and Documentation Center | General Stacks | 2018-05-09 | 301.353 In ECO | 02517 | 2026-06-15 | C-02 | 2017-05-09 | Books |